Oscar Beste Hauptdarstellerin - Sudden Death - Statistiken

Allgemein
  • Dieses Quiz wurde 273 mal gespielt
  • Das Durchschnittsergebnis liegt bei 5 aus 13
Answers on the Grid
Answers color-coded by a green-red scale on the quiz's grid according to % correct below.
Emma Stone
Natalie Portman
Gwyneth Paltrow
Cher
Audrey Hepburn
Sophia Loren
Jane Fonda
Meryl Streep
Julia Roberts
Reese Witherspoon
Angelina Jolie
Sigourney Weaver
Helena Bonham Carter
Marilyn Monroe
Greta Garbo
Michelle Pfeiffer
Jennifer Lawrence
Jessica Alba
Jennifer Aniston
Cameron Diaz
Charlize Theron
Uma Thurman
Halle Berry
Scarlett Johansson
Lucy Liu
 
Antwortstatistiken
Antwort % Korrekt
Meryl Streep
63%
Jennifer Lawrence
55%
Emma Stone
50%
Halle Berry
50%
Natalie Portman
50%
Julia Roberts
47%
Charlize Theron
42%
Reese Witherspoon
37%
Audrey Hepburn
35%
Gwyneth Paltrow
33%
Jane Fonda
30%
Cher
28%
Sophia Loren
16%
Keine übereinstimmenden Quizze gefunden
Verteilung der Resultate
Anzahl Personen mit jedem Resultat
Perzentil nach korrekt beantworteten Fragen
Ihre Resultats-Entwicklung
Sie haben dieses Quiz noch nicht gespielt